Statistics for 2nd Overall NBA Draft Picks

Click here to take the quiz!

General Stats

  • This quiz has been taken 1,097 times
    (436 since last reset)
  • The average score is 14 of 40

Answer Stats

YearDrafted FromNBA TeamAnswer% Correct
2019Murray StateGrizzliesJa Morant
91%
2021G League IgniteRocketsJalen Green
84%
2007TexasSupersonicsKevin Durant
80%
2017UCLALakersLonzo Ball
80%
2022GonzagaThunderChet Holmgren
79%
2020MemphisWarriorsJames Wiseman
75%
2016DukeLakersBrandon Ingram
69%
2015Ohio StateLakersD'Angelo Russell
69%
2018DukeKingsMarvin Bagley III
63%
2003SerbiaPistonsDarko Milicic
50%
2013IndianaMagicVictor Oladipo
50%
2014DukeBucksJabari Parker
47%
1994CaliforniaMavericksJason Kidd
43%
2011ArizonaTimberwolvesDerrick Williams
38%
2002DukeBullsJay Williams
38%
2005UNCHawksMarvin Williams
38%
1986MarylandCelticsLen Bias
34%
2012KentuckyBobcatsMichael Kidd-Gilchrist
33%
2004UconnBobcatsEmeka Okafor
29%
1990Oregon StateSupersonicsGary Payton
29%
1984KentuckyTrail BlazersSam Bowie
28%
2009UconnGrizzliesHasheem Thabeet
27%
2006TexasBullsLaMarcus Aldridge
27%
2008Kansas StateHeatMichael Beasley
27%
1992GeorgetownHornetsAlonzo Mourning
21%
2010Ohio State76ersEvan Turner
19%
1996MassachusettsRaptorsMarcus Camby
16%
1988MaristPacersRik Smits
14%
2001DominguezClippersTyson Chandler
13%
1999MarylandGrizzliesSteve Francis
12%
1998ArizonaGrizzliesMike Bibby
11%
1993Brigham Young76ersShawn Bradley
11%
1991Georgia TechNetsKenny Anderson
8%
2000LSUGrizzliesStromile Swift
8%
1997Utah76ersKeith Van Horn
7%
1995AlabamaClippersAntonio McDyess
4%
1989DukeClippersDanny Ferry
4%
1983MissouriPacersSteve Stipanovich
2%
1985OklahomaPacersWayman Tisdale
2%
1987Nevada-Las VegasSunsArmon Gilliam
1%

Score Distribution

Percentile by Number Answered

Percent of People with Each Score

Your Score History

You have not taken this quiz since the last reset